Dimensión Antropológica : año 15, volumen 43, mayo-agosto 2008 /

Uloženo v:
Podrobná bibliografie
Další autoři: Menéndez Rodríguez, Mario (dirección) (dirección)
Médium: Kniha
Jazyk:španělština
Vydáno: México : INAH, 2008
Témata:
Tagy: Přidat tag
Žádné tagy, Buďte první, kdo vytvoří štítek k tomuto záznamu!

MARC

LEADER 00000nam^a2200000^a^4500
001 000564070
005 20250526000000.0
009 20260310132018.711
037 |a Acervo ITESO - Biblioteca 
041 |a ESP 
082 |a 300. 5  |b DIM V. 43 
240 1 1 |a [Dimensión Antropológica] 
245 0 0 |a Dimensión Antropológica :  |b año 15, volumen 43, mayo-agosto 2008 /  |c Dir. de A. Soberón Mora. 
264 1 |a México :  |b INAH,  |c 2008 
300 |a 212 p. ;  |c 23.0 cm. 
336 |a texto  |b txt  |2 rdacontenido 
337 |a sin mediación  |b n  |2 rdamedio 
338 |a volumen  |b nc  |2 rdasoporte 
649 |a XX 
650 |a Japoneses en México -  |x Historia 
650 |a Húngaros en México -  |x Historia 
650 |a Extranjeros -  |z México -  |x Historia -  |y 1910-1946 
650 |a Petróleo -  |z México -  |x Historia -  |y 1910-1946 
650 |a Movimientos Sociales-  |z México -  |x Historia -  |y 1910-1946 
650 |a México -  |x Historia -  |y 1910-1946 
650 |a México -  |x Historia -  |y Siglo XX 
650 |a Antropología Cultural -  |x Publicaciones Periódicas Mexicanas -  |x Tema Principal 
650 |a Historia -  |x Publicaciones Periódicas Mexicanas 
650 |a Publicaciones Periódicas Mexicanas 
700 |a Menéndez Rodríguez, Mario  |e (dirección) 
910 |a Fondo Pedro Valtierra 
920 |a Impresos - Libros 
930 |a Libros Antiguos y Raros 
905 |a 129 
901 |a 0500368997  |b IT2  |c LRA  |i D  |u 20250526 
902 |a https://opac.biblio.iteso.mx/vufind/Record/000564070